| 000 | 01200nam a2200373 a 4500 | ||
|---|---|---|---|
| 001 | 000044367 | ||
| 003 | DO-SdBPM | ||
| 005 | 20250828131826.0 | ||
| 007 | ta | ||
| 008 | 101014s22014 dr a 000 j spa d | ||
| 020 | _a97899454654259 | ||
| 040 |
_aDO-SdBPM _bspa _cBPMSU _erda |
||
| 082 | 4 |
_aRD863.44 _bC712p 2014 _222 |
|
| 100 | 1 |
_aCollins de Colado, Mary _eautor |
|
| 245 | 1 | 3 |
_aPedrito chichigua / _cMary Collins de Colado ; ilustraciones Henry Cid |
| 264 |
_aSanto Domingo : _bEdiciones CP, _c2014 |
||
| 300 |
_a61 páginas ; _bilustraciones : _c19 cm. |
||
| 336 |
_atexto _btxt _2rdacontent |
||
| 337 |
_asin mediación _bn _2rdamedia |
||
| 338 |
_avolumen _bnc _2rdacarrier |
||
| 490 | 0 |
_aLa casa de los cuentos _v |
|
| 500 | _aIncluye datos biográficos de la autora en la contracubierta | ||
| 500 | _a | ||
| 590 | _aInventariado, 2025/VM | ||
| 590 | _6Inventariado, 2025/VM | ||
| 650 | 7 | _aCuentos infantiles dominicanos | |
| 650 | 7 | _aLiteratura infantil dominicana | |
| 700 | 1 |
_aCid, Henry _eilustración |
|
| 910 | _aVMateo V.Control de calidad BPMSU | ||
| 930 | 1 |
_l _m _8 _f _p _g |
|
| 930 | 1 |
_l _m _8 _f _p _g _h |
|
| 942 |
_2ddc _cBK |
||
| 956 |
_a _b _c _l _h |
||
| 999 |
_c15358 _d15358 |
||